Microsimulation Population Projections with SAS (Record no. 64071)
[ view plain ]
| 000 -LEADER | |
|---|---|
| fixed length control field | 01873nam a2200265Ii 4500 |
| 008 - FIXED-LENGTH DATA ELEMENTS--GENERAL INFORMATION | |
| fixed length control field | 221202s xx 000 0 und d |
| 100 1# - MAIN ENTRY--PERSONAL NAME | |
| Personal name | Marois, Guillaume, |
| Relator term | author |
| 245 #0 - TITLE STATEMENT | |
| Title | Microsimulation Population Projections with SAS |
| 246 ## - VARYING FORM OF TITLE | |
| Title proper/short title | A Reference Guide |
| 264 ## - PRODUCTION, PUBLICATION, DISTRIBUTION, MANUFACTURE, AND COPYRIGHT NOTICE | |
| Name of producer, publisher, distributor, manufacturer | Springer Nature |
| Date of production, publication, distribution, manufacture, or copyright notice | 2021 |
| 300 ## - PHYSICAL DESCRIPTION | |
| Extent | 1 online resource (110 pages) |
| 336 ## - CONTENT TYPE | |
| Content type term | text |
| Content type code | txt |
| Source | rdacontent |
| 337 ## - MEDIA TYPE | |
| Media type term | computer |
| Media type code | c |
| Source | rdamedia |
| 338 ## - CARRIER TYPE | |
| Carrier type term | online resource |
| Carrier type code | cr |
| Source | rdacarrier |
| 490 ## - SERIES STATEMENT | |
| Series statement | SpringerBriefs in Population Studies |
| 520 ## - SUMMARY, ETC. | |
| Summary, etc. | This open access book provides a step-by-step overview on how to build a microsimulation model with SAS. It shows how to convert an already existing multistate projection by age, sex, education and region into a microsimulation model. Two new dimensions are then added, either the labor force participation and the sector of activity, and/or some examples of outputs and alternative scenarios that would not be possible with standard demographic methods. The book also describes how to adapt the model for other countries or other purposes. It also provides details on how to extend and adapt the model for other purposes as well as other use of microsimulation with SAS. The book suggests codes that are easy to understand, so they can be replicated or adapted for other purposes. As such, this book provides a great resource for people with beginner to intermediate knowledge in SAS. |
| 653 ## - INDEX TERM--UNCONTROLLED | |
| Uncontrolled term | Coding Microsimulation |
| 653 ## - INDEX TERM--UNCONTROLLED | |
| Uncontrolled term | Microsimulation In Sas |
| 653 ## - INDEX TERM--UNCONTROLLED | |
| Uncontrolled term | Multidimensional Projection Methods |
| 653 ## - INDEX TERM--UNCONTROLLED | |
| Uncontrolled term | Population Projection In Sas |
| 653 ## - INDEX TERM--UNCONTROLLED | |
| Uncontrolled term | Statistical Software For Microsimulation |
| 700 1# - ADDED ENTRY--PERSONAL NAME | |
| Personal name | KC, Samir |
| 856 ## - ELECTRONIC LOCATION AND ACCESS | |
| Uniform Resource Identifier | <a href="https://library.oapen.org/bitstream/20.500.12657/50426/1/978-3-030-79111-7.pdfhttps://www.springer.com/9783030791117https://library.oapen.org/handle/20.500.12657/50426">https://library.oapen.org/bitstream/20.500.12657/50426/1/978-3-030-79111-7.pdfhttps://www.springer.com/9783030791117https://library.oapen.org/handle/20.500.12657/50426</a> |
| 942 ## - ADDED ENTRY ELEMENTS (KOHA) | |
| Koha item type | E-Book |
| Withdrawn status | Damaged status | Not for loan | Home library | Current library | Date acquired | Total Checkouts | Date last seen | Price effective from | Koha item type |
|---|---|---|---|---|---|---|---|---|---|
| Directory of Open Access Books | Directory of Open Access Books | 11/28/2022 | 11/28/2022 | 11/28/2022 | E-Book |